01013nam a22002417a 4500999001300000003000900013008004100022040007100063082001900134100001800153245003200171260004500203300003000248505023100278650002300509650001800532650002000550650002100570650004400591942001600635945002100651952009900672 c707d707AR-CdUCM190225b ||||| |||| 00| 0 spa d aMUNICIPALIDAD PROVINCIAL DEL CUSCOcBIBLIOTECA MUNICIPAL DEL CUSCO a301.1 / bOR59 aOraison, Marc aEl tiempo de los álibis / aEspaña : bEdiciones Paulinas, c1975. a157 páginas ;c17.5 cm. aContenido: Crepúsculo de los dioses -- ¿Liberación? -- La verdadera cuestión -- Vértigo del tiempo -- El álibi del progreso -- ¿Es lp mejor enemigo de lo bueno? -- El mito "sociedad" -- Álibi de lo colectivo ... aMarc Oraison92728 aÁlibi92729 aPolítica9291 aAnálisis92730 aReflexiones de la realidad humana92731 2ddccLIBROS alccsd2019-02-25 002ddc4070aSHbSHcCARTd2019-02-25g15.00o301.1 / OR59pSH0000000818r2019-02-25yLIBROS